书目信息 |
| 题名: |
“改变世界”的不同向度
|
|
| 作者: | 蒋晓东 著 | |
| 分册: | ||
| 出版信息: | 北京 中国社会科学出版社 2016.12 |
|
| 页数: | 197页 | |
| 开本: | 17cm | |
| 丛书名: | ||
| 单 册: | ||
| 中图分类: | B0-0 , B712.51 | |
| 科图分类: | ||
| 主题词: | 马克思主义哲学--对比研究--杜威(Dewey, John 1859--1952)--哲学 | |
| 电子资源: | ||
| ISBN: | 978-7-5203-1355-1 | |
| 000 | 01228nam0 2200241 45 | |
| 001 | 012001002411 | |
| 005 | 20140926114740.0 | |
| 010 | @a978-7-5203-1355-1@dCNY58.00 | |
| 100 | @a20171113d2016 em y0chiy0110 ea | |
| 101 | 0 | @achi |
| 102 | @aCN@b110000 | |
| 105 | @ay z 000yy | |
| 106 | @ar | |
| 200 | 1 | @a“改变世界”的不同向度@9“ gai bian shi jie ” de bu tong xiang du@f蒋晓东著 |
| 210 | @a北京@c中国社会科学出版社@d2016.12 | |
| 215 | @a197页@d17cm | |
| 330 | @a以文本解读为基础、将马克思哲学置于西方哲学发展的语境中,与马克思之后的实践哲学的代表杜威哲学进行学理上的比较分析。在从传统理论哲学到“改变世界”的现代实践哲学变革的大背景下,分别从本体论、认识论、价值论等不同视角对马克思实践观与杜威行动观进行多维比较分析,深入发掘马克思的实践概念和杜威的行动概念的多重意蕴,既从时代的维度又从理论自身发展的维度全面展示两者之间的联系与区别,以获得对两者及其关系的深度认识,并就马克思实践观如何吸收马克思之后的西方哲学的研究成果实现创新提出新的建议,为当代实践哲学的发展提供理论参考。 | |
| 606 | 0 | @a马克思主义哲学@x对比研究@x杜威(Dewey, John 1859@x1952)@x哲学 |
| 690 | @aB0-0@v5 | |
| 690 | @aB712.51@v5 | |
| 701 | 0 | @a蒋晓东@9jiang xiao dong@4著 |
| 801 | 0 | @aCN@b上海新华@c20180901 |
| 905 | @b1160736-40@dB0-0@e311@f5 | |
| “改变世界”的不同向度/蒋晓东著.-北京:中国社会科学出版社,2016.12 |
| 197页;17cm |
| ISBN 978-7-5203-1355-1:CNY58.00 |
| 以文本解读为基础、将马克思哲学置于西方哲学发展的语境中,与马克思之后的实践哲学的代表杜威哲学进行学理上的比较分析。在从传统理论哲学到“改变世界”的现代实践哲学变革的大背景下,分别从本体论、认识论、价值论等不同视角对马克思实践观与杜威行动观进行多维比较分析,深入发掘马克思的实践概念和杜威的行动概念的多重意蕴,既从时代的维度又从理论自身发展的维度全面展示两者之间的联系与区别,以获得对两者及其关系的深度认识,并就马克思实践观如何吸收马克思之后的西方哲学的研究成果实现创新提出新的建议,为当代实践哲学的发展提供理论参考。 |
| ● |
| 相关链接 |
|
|
|
|
正题名:"改变世界"的不同向度
索取号:B0-0/311
 
预约/预借
| 序号 | 登录号 | 条形码 | 馆藏地/架位号 | 状态 | 备注 |
| 1 | 1160736 | 211607368 | 第一样本阅览室/ [索取号:B0-0/311] | 在馆 | |
| 2 | 1160737 | 211607377 | 第一借阅区/ [索取号:B0-0/311] | 在馆 | |
| 3 | 1160738 | 211607386 | 第一借阅区/ [索取号:B0-0/311] | 在馆 | |
| 4 | 1160739 | 211607395 | 第一借阅区/ [索取号:B0-0/311] | 在馆 | |
| 5 | 1160740 | 211607402 | 第一借阅区/ [索取号:B0-0/311] | 在馆 |